Закономерности деформации и акустической эмиссии при изометрическом нагружении алюминиево-магниевых сплавов; Известия вузов. Физика; Т. 58, № 6-2

Bibliografske podrobnosti
Parent link:Известия вузов. Физика/ Национальный исследовательский Томский государственный университет (ТГУ).— , 1958-
Т. 58, № 6-2.— 2015.— [С. 231-235]
Glavni avtor: Плотников В. А. Владимир Александрович
Korporativna značnica: Национальный исследовательский Томский политехнический университет (ТПУ) Институт физики высоких технологий (ИФВТ) Кафедра физики высоких технологий в машиностроении (ФВТМ)
Drugi avtorji: Макаров С. В., Колубаев Е. А. Евгений Александрович
Izvleček:Заглавие с экрана
Исследованы процессы накопления деформации в условиях изотермического нагружения алюминиево-магниевого сплава. Показано, что при увеличении температуры изотермического цикла происходит трансформация дискретных маломасштабных скачков в один квазискачкообразный деформационный акт, коррелирующий с акустической эмиссией.
The processes of accumulation deformation under isothermal loading aluminum-magnesium alloy. It is shown that with increasing temperature, the isothermal cycle of transformation of discrete small-scale jumps in one quasistepwise deformation event, which correlated with acoustic emission.
Режим доступа: по договору с организацией-держателем ресурса
Jezik:ruščina
Izdano: 2015
Teme:
Online dostop:http://elibrary.ru/item.asp?id=24449601
Format: MixedMaterials Elektronski Book Chapter
KOHA link:https://koha.lib.tpu.ru/cgi-bin/koha/opac-detail.pl?biblionumber=645518

MARC

LEADER 00000nla0a2200000 4500
001 645518
005 20250325161819.0
035 |a (RuTPU)RU\TPU\network\10603 
090 |a 645518 
100 |a 20151225d2015 k||y0rusy50 ca 
101 0 |a rus 
102 |a RU 
135 |a drcn ---uucaa 
181 0 |a i  
182 0 |a b 
200 1 |a Закономерности деформации и акустической эмиссии при изометрическом нагружении алюминиево-магниевых сплавов  |d Regularities of deformation and acoustic emission under isothermal loading aluminum-magnesium alloys  |f В. А. Плотников, С. В. Макаров, Е. А. Колубаев 
203 |a Текст  |c электронный 
300 |a Заглавие с экрана 
320 |a [Библиогр.: с. 235 (8 назв.)] 
330 |a Исследованы процессы накопления деформации в условиях изотермического нагружения алюминиево-магниевого сплава. Показано, что при увеличении температуры изотермического цикла происходит трансформация дискретных маломасштабных скачков в один квазискачкообразный деформационный акт, коррелирующий с акустической эмиссией. 
330 |a The processes of accumulation deformation under isothermal loading aluminum-magnesium alloy. It is shown that with increasing temperature, the isothermal cycle of transformation of discrete small-scale jumps in one quasistepwise deformation event, which correlated with acoustic emission. 
333 |a Режим доступа: по договору с организацией-держателем ресурса 
461 |t Известия вузов. Физика  |f Национальный исследовательский Томский государственный университет (ТГУ)  |d 1958- 
463 |t Т. 58, № 6-2  |v [С. 231-235]  |d 2015 
510 1 |a Regularities of deformation and acoustic emission under isothermal loading aluminum-magnesium alloys  |z eng 
610 1 |a электронный ресурс 
610 1 |a труды учёных ТПУ 
610 1 |a деформация 
610 1 |a акустическая эмиссия 
610 1 |a изометрия 
610 1 |a нагружение 
700 1 |a Плотников  |b В. А.  |g Владимир Александрович 
701 1 |a Макаров  |b С. В. 
701 1 |a Колубаев  |b Е. А.  |c физик  |c инженер Томского политехнического университета, кандидат физико-математических наук   |f 1979-  |g Евгений Александрович  |3 (RuTPU)RU\TPU\pers\31434  |9 15597 
712 0 2 |a Национальный исследовательский Томский политехнический университет (ТПУ)  |b Институт физики высоких технологий (ИФВТ)  |b Кафедра физики высоких технологий в машиностроении (ФВТМ)  |3 (RuTPU)RU\TPU\col\18687 
801 2 |a RU  |b 63413507  |c 20151225  |g RCR 
856 4 |u http://elibrary.ru/item.asp?id=24449601 
942 |c CF